| 000 | 00413nam a2200145Ia 4500 | ||
|---|---|---|---|
| 008 | 210210b1991 xxu||||| |||| 00| 0 eng d | ||
| 020 | _a81 7054 125 5 | ||
| 082 | _a320.8 SAHS | ||
| 100 | _aSAHAY (B K). | ||
| 245 | _aState supervision over muncipal administration: a case study of bihar. | ||
| 260 |
_aND _bClassical Publishing Co. _c1991 |
||
| 300 | _axvi,327 | ||
| 690 | _aModern Governments | ||
| 906 | _a046787 | ||
| 999 |
_c96142 _d96142 |
||